Comentario a la Ley Orgǹica 5/2000, de 12 de enero, reguladora de la responsabilidad penal de los menores

Detalles Bibliográficos
Autor principal: Martn̕ez Rodrg̕uez, Jos ̌Antonio
Formato: Libro
Lenguaje:español
Publicado: Barcelona J.M. Bosch Editor 2015
Materias:
Acceso en línea:Acceso restringido

MARC

LEADER 00000nam a22000007a 4500
005 20160118130538.0
007 cr|||| ||u|
008 160118s2015 sp ||||| |||| 00||0 spa d
020 |a 9788494433283 
035 |a 13029 
040 |a vLex 
090 |c 5803  |d 5803 
100 1 |a Martn̕ez Rodrg̕uez, Jos ̌Antonio 
245 1 0 |a  Comentario a la Ley Orgǹica 5/2000, de 12 de enero, reguladora de la responsabilidad penal de los menores  |h [Recurso electrn̤ico] /  |c Jos ̌Antonio Martn̕ez Rodrg̕uez  
256 |a Servicio en ln̕ea  
260 |a Barcelona   |b J.M. Bosch Editor  |c 2015 
300 |a 1 recurso electrn̤ico  
500 |a La Ley Orgǹica 5/2000, de 12 de enero, reguladora de la Responsabilidad Penal de los Menores desde su entrada en vigor, ha sido objeto de varias reformas, siendo la l︢tima la producida mediante Ley Orgǹica 8/2006, que ha tenido como objeto polt̕ico-criminal, endurecer la respuesta penal a los menores de edad entre 14 y 18 aǫs. Esta reforma ha eliminado la aplicacin̤ de la ley a los mayores de 18 y menores de 21 aǫs, as ̕como se ha posibilitado que a partir de la mayora̕ de edad, el cumplimiento de las medidas se efecte︢ en Centros Penitenciarios destinados a personas adultas. En este trabajo de investigacin̤, Comentario a la Ley Orgǹica 5/2000, de 12 de enero, reguladora de la Responsabilidad Penal de los Menores, es un instrumento imprescindible para toda persona interesada en el Derecho Penal de Menores en Espaą, y en especial para los profesionales del Derecho. En este libro se analiza exhaustivamente cada artc̕ulo de la ley, con concordancias legales, comentarios de las Circulares de la Fiscala̕ General del Estado, abundantes y sobresalientes citas doctrinales en cada uno de los preceptos comentados, tanto en el propio texto como a pie de pg̀ina. Asimismo, tambiň se incluyen referencias en cada artc̕ulo, de las sentencias emanadas del Tribunal Constitucional, Tribunal Supremo y Audiencias Provinciales. Al final de este texto, como anexo, el lector tambiň podr ̀encontrar para su consulta el Real Decreto 1774/2004, de 30 de julio, por el que se aprueba el Reglamento de la Ley Orgǹica 5/2000, de 12 de enero, reguladora de la responsabilidad penal de los menores. 
506 1 |a Contenido solo disponible en los productos indicados  |d vLex Global  |d vLex Global (Academic Edition, excluding Law Schools)  |d vLex Global (U.S. Academic Edition, Law Schools)  |d vLex Global (U.S. Academic Edition, excluding Law Schools)  |d vLex Global (Academic Edition, Law Schools) 
650 0 4 |a Derecho  |z Espaą 
740 0 |a vLex libros (servicio en ln̕ea)  
856 4 0 |u http://vlex.com/source/comentario-a-la-ley-organica-5-2000-de-12-de-enero-reguladora-de-la-responsabilidad-penal-de-los-menores-13029  |z Acceso restringido  
942 |c BOOK 
999 0 |a Derecho